000 004190000a22001690004500
003 MACL
005 20160106133552.0
008 160106b xxu||||| |||| 00| 0 eng d
040 _aMACL
_cMACL
041 _aEnglish
082 _a842/BJO
100 _aBjornson, Bjornstjerne
_928673
245 _aThree Comedies
260 _bJ M Dent & Sons LTD
_aLondon
650 _aFrench Drama
_928674
942 _cBK
_k842/BJO
_2ddc
999 _c39070
_d39070